000 01689cam a2200157 4500500
005 20260322003416.0
041 _afre
042 _adc
100 1 0 _aJay, Emmanuelle
_eauthor
245 0 0 _aWhat emerges from the force of our fists: Clinical approach to the extreme traumas of migratory journeys via psychoboxing
260 _c2026.
500 _a94
520 _aThis article proposes a feminist and postcolonial reinterpretation of Freud’s Totem and Taboo, critically examining social relations as structured through a commensal contract among brothers centered on the totemic meal in which sons devour the father and mutually renounce violence. The analysis highlights the symbolic suppression of nursing mothers and female reproductive labor, which are excluded from this foundational myth of society. Articulating feminist philosophy with race theory, the article demonstrates how such exclusion generates hermeneutic, reproductive, and political injustices. The concept of the “non-brother,” understood as non-commensal, sheds light on contemporary processes of ethnoracialization within republican commensality in France. Drawing on the work of Carole Pateman and Charles Mills, the article revisits the totemic meal as inaugurating a “sexual and racial contract” in which power, care, and civic rights are distributed. Ultimately, the study reconceptualizes feeding as a political act of social bonding, revealing the material and gendered conditions that underpin modern civility.
786 0 _nLe Coq-héron | 263 | 4 | 2026-02-04 | p. 167-177 | 0335-7899
856 4 1 _uhttps://shs.cairn.info/journal-le-coq-heron-2025-4-page-167?lang=en&redirect-ssocas=7080
999 _c1731788
_d1731788